000 01918nam a2200577 i 4500
001 55813
003 KOSZ 005
005 20220111121515.0
008 090303s2008 pl a f f |001 0 pol
015 _aUWD 2009/5810
020 _a9788324612864
035 _a991048318439705066
035 _a(PL-WaBN)b23410206-48omnis_nlop
035 _ab23410206
035 _a(OCoLC)297605198
035 _a(PL)b0000002341020
035 _a(EXLNZ-48OMNIS_NETWORK)9910231007805606
040 _aWA N
_cWA N
_dKOSZ 005/HR
041 1 _apol
_heng
046 _k55813
080 _a004.42
080 _a004.774
080 _a004.92
080 _a(07)
100 1 _aGrover, Chris
_d(1955- )
_eAutor
245 1 0 _aFlash CS3/CS3 PL Professional /
_cChris Grover, E. A. Vander Veer ; [tł. Łukasz Schmidt].
246 1 _iTyt. oryg.:
_aFlash CS3 :
_bthe missing manual,
_f2007
260 _aGliwice :
_bWydawnictwo Helion,
_ccop. 2008.
300 _a580 s. :
_bil. ;
_c24 cm.
336 _aTekst
_btxt
_2rdacontent
337 _aBez urządzenia pośredniczącego
_bn
_2rdamedia
338 _aWolumin
_bnc
_2rdacarrier
380 _aKsiążki
380 _aPublikacje fachowe
388 _a2001-
490 1 _aNieoficjalny Podręcznik
504 _aIndeks.
650 7 _aAnimacja komputerowa
_2DBN
650 7 _aFlash (program komputerowy)
_2DBN
650 7 _aProgramy graficzne
_2DBN
650 7 _aProjektowanie stron WWW
_2DBN
655 7 _aPodręcznik
_2DBN
658 _aInformatyka i technologie informacyjne
700 1 _aSchmidt, Łukasz
_eTłumaczenie
700 1 _aVander Veer, Emily A.
_eAutor
710 2 _aHelion
_4pbl
830 0 _aNieoficjalny Podręcznik
856 _uhttp://koha.tu.koszalin.pl/cgi-bin/koha/opac-detail.pl?biblionumber=55813
_yKatalog online BPK
942 _2UKD
_cKS
999 _c55813
_d55813